00479 2200181 4500001002100000005001500021035001900036245005600055100001200111300003000123260004400153082000700197084001300204022001300217008003900230990001400269990001400283INLIS00000000000057720210612090428$a 0010-0621000007$a ANCAS: Pancasila njaga nyewijine bangsa /$c YUSMANTO$a YUSMANTO$a 42 hlm ; $c 18.5 x 26.5 cm$a Purwokerto :$b Yayasan Carablaka,$c 2021$a 050$a 050 YUS a$a 2087-023x210612 | | | $a MA011/2021$a MA012/2021